000 00540nam a22001817a 4500
005 20251108172657.0
008 250721s2002 xx 000 0 ara d
082 1 4 _a303.38/سمي
100 1 _aسميسم، حميدة
_eمؤلف
245 1 0 _aالرأي العام وطرق قياسه /
264 1 _aعمان :
_bدار ومكتبة الحامد،
_c2002.
300 _a91ص
650 1 7 _aالرأي العام
650 1 7 _aإستطلاعات الرأي العام
650 1 7 _aالقياس
942 _2ddc
_cBK
999 _c85663
_d85663